Fray Luis de León /

Gardado en:
Detalles Bibliográficos
Autor Principal: Agudo, Venancio Luis (autor)
Formato: Libro
Idioma:Lingua castelá
Series:(Temas Españoles ; 193)
Temas:
Etiquetas: Engadir etiqueta
Sen Etiquetas, Sexa o primeiro en etiquetar este rexistro!

MARC

LEADER 00000nam^a2200000^a^4500
001 000156726
005 20250521000000.0
009 20260310100514.856
037 |a Acervo ITESO - Biblioteca 
041 |a ESP 
082 |a 860. 94604  |b AGU 
100 |a Agudo, Venancio Luis  |e (autor) 
245 1 0 |a Fray Luis de León /  |c V.L. Agudo. 
264 |a Madrid, España :  |b Publicaciones Españolas,  |c 1955 
300 |a 29 p. 
336 |a texto  |b txt  |2 rdacontenido 
337 |a sin mediación  |b n  |2 rdamedio 
338 |a volumen  |b nc  |2 rdasoporte 
440 1 |a (Temas Españoles ;  |v 193) 
649 |a XX 
650 |a Escritores Españoles -  |x Biografías 
650 |a Religiosos Españoles -  |x Biografías 
650 |a Poesía Española -  |x Historia y Crítica 
650 |a Poesía Religiosa -  |x Historia y Crítica 
650 |a Literatura Española -  |x Historia y Crítica 
650 |a Literatura Española -  |y Siglo XVI 
650 |a Literatura Española -  |y Epoca Clásica, 1500-1700 
650 |a León, Luis de, Fray 
910 |a Fondo Salvador Reynoso Reynoso 
920 |a Impresos - Libros 
930 |a Fondos Especiales 
940 |a Literatura 
905 |a 112 
901 |a 0800016287  |b IT2  |c ESP  |u 20250521 
902 |a https://opac.biblio.iteso.mx/vufind/Record/000156726